|
|
|
|
| LEADER |
01029nam a2200253 a 4500 |
| 001 |
14242923 |
| 008 |
091223s2005 bg b 000 0 eng d |
| 010 |
|
|
|a \\2006345162
|
| 040 |
|
|
|a DLC
|c DLC
|d DLC
|d BD-DhAAL
|
| 082 |
0 |
4 |
|a 683/.4095492
|2 23
|
| 100 |
1 |
|
|a Kafi, Sharif A.
|
| 245 |
1 |
0 |
|a Illegal small arms and human insecurity in Bangladesh /
|c Sharif A. Kafi.
|
| 260 |
|
|
|a Dhaka :
|b Bangladesh Development Partnership Centre,
|c 2005.
|
| 250 |
|
|
|a 2nd ed.
|
| 300 |
|
|
|a 159 p. ;
|c 22 cm.
|
| 504 |
|
|
|a Includes bibliographical references (p. 143-152).
|
| 541 |
1 |
|
|e 00013630
|
| 650 |
|
0 |
|a Firearms
|z Bangladesh.
|
| 650 |
|
0 |
|a Illegal arms transfers
|z Bangladesh.
|
| 650 |
|
0 |
|a Internal security
|z Bangladesh.
|
| 710 |
2 |
|
|a Bangladesh Development Partnership Centre.
|
| 852 |
4 |
|
|a Ayesha Abed Library
|j General shelf
|
| 999 |
|
|
|c 6396
|d 6396
|
| 952 |
|
|
|0 0
|1 0
|2 ddc
|4 0
|6 683_409549200000000_KAF
|7 0
|9 6456
|a BRACUL
|b BRACUL
|c GEN
|d 2009-12-24
|g 0.00
|l 0
|o 683.4095492 KAF
|p 3010013630
|r 2009-12-24
|t 1
|w 2009-12-24
|y BK
|x No price found in the accession register.
|